000 00837nam a2200265Ia 4500
003 OSt
005 20221006143216.0
006 a|||||r|||| 00| 0
007 ta
008 221006b |||||||| |||| 00| 0 eng d
020 _c
_2.00
024 _a8,338
037 _bGift, Ms. Yuiko Nishikawa
_cTextual
040 _aEASL
_cEASL
_beng
041 _2eng
_aeng
082 _aX:93.42.N8, M4
100 _aMARTIN Linda G
_9648954
245 0 _aCohort size effects on employment and relative wages
_b The case of Japan
260 _aTokyo
_bNihon University Japan
_c1984
300 _a39p.
_ccm.
490 _v JEL
_aNUPRI Research Paper Series No.16
700 _a OGAWA Naohiro
_9649404
942 _hX:93.42.N8, M4
_cTEXL
_2CC
999 _c1076424
_d1076424